Văn hóa dân gian làng biển Như Áng xã Hải Bình, huyện Tĩnh Gia tỉnh Thanh Hóa
Sách giới thiệu về văn hóa dân gian làng biển Như Áng, văn học dân gian: bài thơ của vua Lê Thánh Tông, một số hình ảnh về làng biển Như Áng - Liên Đình
Wedi'i Gadw mewn:
| Prif Awdur: | |
|---|---|
| Fformat: | Llyfr |
| Iaith: | Undetermined |
| Cyhoeddwyd: |
Hà Nội
Thời Đại
2014
|
| Pynciau: | |
| Tagiau: |
Ychwanegu Tag
Dim Tagiau, Byddwch y cyntaf i dagio'r cofnod hwn!
|
| Thư viện lưu trữ: | Trung tâm Học liệu Trường Đại học Cần Thơ |
|---|
| LEADER | 00908nam a2200205Ia 4500 | ||
|---|---|---|---|
| 001 | CTU_209729 | ||
| 008 | 210402s9999 xx 000 0 und d | ||
| 082 | |a 398.0959741 | ||
| 082 | |b T561 | ||
| 100 | |a Hoàng, Minh Tường | ||
| 245 | 0 | |a Văn hóa dân gian làng biển Như Áng xã Hải Bình, huyện Tĩnh Gia tỉnh Thanh Hóa | |
| 245 | 0 | |c Hoàng Minh tường | |
| 260 | |a Hà Nội | ||
| 260 | |b Thời Đại | ||
| 260 | |c 2014 | ||
| 520 | |a Sách giới thiệu về văn hóa dân gian làng biển Như Áng, văn học dân gian: bài thơ của vua Lê Thánh Tông, một số hình ảnh về làng biển Như Áng - Liên Đình | ||
| 650 | |a Văn hóa dân gian,Folklore | ||
| 650 | |z Việt Nam,Vietnam | ||
| 904 | |i Huỳnh Thị Ngọc Ngân,Hải | ||
| 980 | |a Trung tâm Học liệu Trường Đại học Cần Thơ | ||